000 00943nam2a22002411 4500
001 v19\rc\2086746
005 20250620034534.0
035 _a(NLR Aleph) 005156871
090 _a4952193
_c4952193
100 _a20081218d1913 |||y0rusy50 ca
101 0 _arus
102 _aRU
105 _ay z |||||
200 0 _a1912
_e(С 27 нояб. 1911 г. по 1 янв. 1913 г.)
_e1-й год деятельности
210 _d1913
_aБ. м.
215 _a[1], 60 с.
461 0 _1001v19\rc\2086745
_12001#$a[Отчет]$fХерсон. о-во потребителей "Выгода"$v1912
_94952187
_a"Выгода", херсонское общество потребителей
_cХерсон
_d1913-1916
_fХерсон. о-во потребителей "Выгода"
_t[Отчет]
_v1912
801 0 _aRU
_bNLR
_gpsbo
801 1 _aRU
_bProSoft-M
_2rusmarc
852 _aNLR
_j18.258.8.17
852 _aNLR
_j18.290.7.89
942 _cBOOK
980 _aNB